US History Midterm #3 - Statistics

General Stats
  • This quiz has been taken 7 times
  • The average score is 7 of 13
Answer Stats
Question Answer % Correct
what other impact did immigration have urban congestion and trade unions
100%
when was the frontier officially closed 1890
83%
main pull factor behind domestic migration job opportunities
83%
where did most antebellum immigrants come from eastern and northern europe
67%
which statement is NOT true immigrants settled in the south
67%
data show immigrants were mostly young adult men
67%
what is the Frontier area peopled by 2-6 people per square mile
50%
why did immigrants avoid the south lower income
50%
how many americans live in urban areas today 75%
33%
where was the frontier in the 1850s minnesota, iowa, missouri, arkansas, eastern texas
33%
main push factor behind domestic migration crime
17%
what was the impact of immigration on average income it had a minimal impact
17%
why was the us population center along the 30th parallel migrants were mostly framed with latitude-specific skills
0%
No matching quizzes found
Score Distribution
Percent of People with Each Score
Percentile by Number Answered
Your Score History
You have not taken this quiz